00515pab a2200157 454500008004000000100001900040245007500059260000900134300001600143362001100159650002100170773003400191909001000225999001700235952010500252180718b2006 xxu||||| |||| 00| 0 eng d aVarma, Daya R. aFrom witchcraft to allopathy: uninterrupted journey of medical science c2006 ap.3605-611. a19 Aug aMedical sciences aEconomic and Political Weekly a71331 c71331d71331 00104070aIIPAbIIPAd2018-07-19hVolume no: 41, Issue no: 33pAR71791r2018-07-19w2018-07-19yAR